000 00774nam a2200217 i 4500
001 186632
003 SpMaBN
005 20230906222718.0
008 161209s1985 sp ac |||| |dspa d
020 _a84-7039-455-X
080 _a821.134.2-23"19"
100 1 _aBuero Vallejo, Antonio,
_d1916-2000
_932421
245 1 3 _aEl tragaluz /
_cAntonio Buero Vallejo ; con cuadros cronológicos, introducción, bibliografía, notas... a cargo de José Luis García Barrientos.
260 _aMadrid :
_bCastalia,
_c[1985]
300 _a213 p. :
_bil., retr. ;
_c17 cm.
490 1 _aCastalia didáctica ;
_v9
700 1 _aGarcía Barrientos, José Luis.
_954232
830 0 _aCastalia didáctica ;
_v9
_9182504
852 _aES-MaACL
_jL-31021
999 _c186632
_d186632